Представление документа в формате MARC21

Поле Инд. ПП Название Значение
Тип записи a
Библиографический уровень b
001 Контрольный номер RU/IS/BASE/220013508
005 Дата корректировки 20200601191502.5
008 Кодируемые данные 20061221
040 b Код языка каталог. rus
e Правила каталог. PSBO
041 0_ a Код языка текста rus
084 a Индекс другой классификации/Индекс ББК 60.504
100 1_ a Автор Олейник А. Н.
q Полное имя Олейник Антон Николаевич
245 10 a Заглавие Мнимые и действительные риски для социолога при проведении исследования
504 a Библиография Библиогр.: с. 87
650 a Основная рубрика социология
653 a Ключевые слова методология социологических исследований
a Ключевые слова социологи
a Ключевые слова социологические исследования
773 0_ t Заглавие источника Общественные науки и современность
d Дата издания источника 2006
g Прочая информация № 6. - С. 81 - 87
w Контрольный № источника RU/IS/BASE/217955324
901 t Тип документа b